[Event "2. Bundesliga Mitte 2016/2017"]
[Site "Leoben, Wolfsberg/Taufkirchen/Fuerstenfeld, Grieskirchen, St. Veit"]
[Date "2017.03.25"]
[Round "10"]
[Board "1"]
[White "Weiss, Christian"]
[Black "Huber, Martin Christian"]
[Result "1/2-1/2"]
[WhiteElo "2360"]
[BlackElo "2412"]
[PlyCount "71"]
[EventDate "2016.10.07"]
[EventType "team"]
[EventRounds "11"]
[EventCountry "AUT"]
[WhiteTeam "Union Ansfelden"]
[BlackTeam "Schachfreunde Graz"]

1. c4 c5 2. Nf3 Nc6 3. d4 cxd4 4. Nxd4 e5 5. Nc2 d6 6. e4 Be6 7. Nc3 a6 8. Bd3
Rc8 9. Nd5 h6 10. O-O Nf6 11. b4 Be7 12. Be3 O-O 13. a4 Nd7 14. a5 Bg5 15. Qd2
Bxe3 16. Qxe3 Ne7 17. Qe2 Ng6 18. g3 Bh3 19. Rfc1 Qg5 20. Qe3 Kh7 21. Qxg5 hxg5
22. Nce3 Rcd8 23. Ra2 Nb8 24. f3 Be6 25. Nf5 f6 26. Rb2 Rf7 27. Bf1 Nc6 28.
Nfe3 Nd4 29. Kg2 Ne7 30. Bd3 Nec6 31. Re1 Nb8 32. Nb6 Kg8 33. Nf5 Ndc6 34. b5
Bxf5 35. exf5 Ne7 36. g4 {Rest nicht leserlich ,remis nach 51 ZÃƒÂ¼gen} 1/2-1/2

[Event "2. Bundesliga Mitte 2016/2017"]
[Site "Leoben, Wolfsberg/Taufkirchen/Fuerstenfeld, Grieskirchen, St. Veit"]
[Date "2017.03.25"]
[Round "10"]
[Board "3"]
[White "Knoll, Hermann"]
[Black "Mikanovic, Sandro"]
[Result "1/2-1/2"]
[WhiteElo "2329"]
[BlackElo "2240"]
[PlyCount "80"]
[EventDate "2016.10.07"]
[EventType "team"]
[EventRounds "11"]
[EventCountry "AUT"]
[WhiteTeam "Union Ansfelden"]
[BlackTeam "Schachfreunde Graz"]

1. d4 d5 2. Nf3 Nf6 3. c4 c6 4. e3 e6 5. Nc3 Bd6 6. Qc2 Nbd7 7. Be2 O-O 8. O-O
dxc4 9. Bxc4 b5 10. Be2 a6 11. a4 Bb7 12. Bd2 Qe7 13. Ng5 Rfc8 14. Bf3 Nb6 15.
axb5 cxb5 16. Bxb7 Qxb7 17. Qd3 Nc4 18. Bc1 Bb4 19. Nce4 Nxe4 20. Nxe4 Qd5 21.
Rd1 f5 22. Ng3 Na5 23. e4 fxe4 24. Nxe4 Qb3 25. Qe2 Kh8 26. Bf4 Qc2 27. Qxc2
Rxc2 28. Ng5 Nb3 29. Rab1 Re8 30. Rd3 Na5 31. Be5 h6 32. Ne4 Nc4 33. b3 Nd2 34.
Nxd2 Rxd2 35. Rxd2 Bxd2 36. Kf1 Rc8 37. Rb2 Bb4 38. Ke2 Kg8 39. Kd3 Kf7 40. Ke4
Rc1 1/2-1/2

[Event "2. Bundesliga Mitte 2016/2017"]
[Site "Leoben, Wolfsberg/Taufkirchen/Fuerstenfeld, Grieskirchen, St. Veit"]
[Date "2017.03.25"]
[Round "10"]
[Board "4"]
[White "Kravanja, Georg"]
[Black "Moser, Guenter"]
[Result "1/2-1/2"]
[WhiteElo "2246"]
[BlackElo "2302"]
[PlyCount "60"]
[EventDate "2016.10.07"]
[EventType "team"]
[EventRounds "11"]
[EventCountry "AUT"]
[WhiteTeam "Schachfreunde Graz"]
[BlackTeam "Union Ansfelden"]

1. d4 f5 2. Bg5 d5 3. e3 c6 4. c4 Qa5+ 5. Nc3 e6 6. Bd3 g6 7. Nge2 Nd7 8. O-O
Ngf6 9. Nf4 Kf7 10. f3 h6 11. Bxf6 Nxf6 12. cxd5 cxd5 13. e4 Qb4 14. Nfe2 Bd7
15. Qd2 Kg7 16. Kh1 Be7 17. a3 Qb6 18. e5 Nh7 19. g4 fxg4 20. Qc2 Be8 21. fxg4
Rf8 22. Rxf8 Nxf8 23. Rf1 Rd8 24. Nd1 Qc6 25. Qd2 Bg5 26. Qe1 Rd7 27. h4 Bd8
28. Nf4 Rf7 29. Ne3 Qb6 30. Qc3 Bxh4 {remis nach 40 ZÃƒÂ¼gen} 1/2-1/2

[Event "2. Bundesliga Mitte 2016/2017"]
[Site "Leoben, Wolfsberg/Taufkirchen/Fuerstenfeld, Grieskirchen, St. Veit"]
[Date "2017.03.25"]
[Round "10"]
[Board "5"]
[White "Ennsberger, Ulrich"]
[Black "Teuschler, Barbara"]
[Result "1/2-1/2"]
[WhiteElo "2255"]
[BlackElo "2212"]
[PlyCount "70"]
[EventDate "2016.10.07"]
[EventType "team"]
[EventRounds "11"]
[EventCountry "AUT"]
[WhiteTeam "Union Ansfelden"]
[BlackTeam "Schachfreunde Graz"]

1. Nf3 d5 2. e3 Nf6 3. b3 Bg4 4. Bb2 Nbd7 5. d4 e6 6. Nbd2 Bd6 7. Be2 O-O 8.
Ne5 Bxe2 9. Qxe2 c6 10. O-O Qc7 11. f4 Ne8 12. e4 f5 13. Nxd7 Qxd7 14. e5 Be7
15. c4 dxc4 16. bxc4 Nc7 17. Rfd1 b5 18. a4 bxc4 19. Nxc4 Nd5 20. Qf3 Rab8 21.
Ba3 Bxa3 22. Rxa3 Rb4 23. Nd6 Rfb8 24. a5 Qd8 25. g3 Rb2 26. Rc1 Rd2 27. Rb3 h6
28. a6 Rxb3 29. Qxb3 Kh7 30. Qb7 Nxf4 31. Qf7 Nh3+ 32. Kh1 Nf2+ 33. Kg1 Nh3+
34. Kh1 Nf2+ 35. Kg1 Nh3+ 1/2-1/2

[Event "2. Bundesliga Mitte 2016/2017"]
[Site "Leoben, Wolfsberg/Taufkirchen/Fuerstenfeld, Grieskirchen, St. Veit"]
[Date "2017.03.25"]
[Round "10"]
[Board "1"]
[White "Fahrner, Kurt"]
[Black "Schachinger, Mario"]
[Result "1-0"]
[WhiteElo "2276"]
[BlackElo "2425"]
[PlyCount "173"]
[EventDate "2016.10.07"]
[EventType "team"]
[EventRounds "11"]
[EventCountry "AUT"]
[WhiteTeam "ESV Austria Graz"]
[BlackTeam "SC MPOE Maria Saal 2"]

1. d4 Nf6 2. Bg5 e6 3. e4 h6 4. Bxf6 Qxf6 5. c3 d6 6. Bd3 e5 7. Ne2 Nc6 8. Na3
Be7 9. O-O O-O 10. Nc2 g5 11. d5 Nb8 12. Ng3 Qg6 13. Ne3 Nd7 14. Nef5 Bd8 15.
Be2 Nf6 16. Bh5 Nxh5 17. Qxh5 Qxh5 18. Nxh5 Bxf5 19. exf5 Be7 20. Rad1 Rfc8 21.
Ng3 Rab8 22. Rfe1 b5 23. Ne4 f6 24. Kf1 Kf7 25. Re3 h5 26. Ke2 Rh8 27. h3 Rbg8
28. g3 h4 29. g4 Rb8 30. Red3 Rhc8 31. Kd2 Rb6 32. Kc2 a5 33. f3 Ra8 34. Ra1 c5
35. dxc6 Rxc6 36. Rad1 Raa6 37. Rd5 b4 38. R1d3 a4 39. Rb5 Ra7 40. Kb1 b3 41.
Rdd5 Rca6 42. Nd2 a3 43. Rxb3 axb2 44. Rxb2 Ra3 45. Ne4 Ke8 46. Rxd6 Rxc3 47.
Rb8+ Kf7 48. Rxf6+ Bxf6 49. Nxc3 Rd7 50. Kc2 Rc7 51. Kd3 Rd7+ 52. Ke3 Rc7 53.
Nd5 Ra7 54. Nxf6 Kxf6 55. Rb6+ Kf7 56. Rb2 Kf6 57. Rd2 Ra3+ 58. Ke4 Ra4+ 59.
Kd5 Ra3 60. Ke4 Ra4+ 61. Ke3 Ra3+ 62. Rd3 Rxa2 63. Rd6+ Kf7 64. Rg6 Ra3+ 65.
Ke4 Ra4+ 66. Kxe5 Ra5+ 67. Kd6 Ra6+ 68. Kc5 Ra5+ 69. Kd6 Ra6+ 70. Kc5 Ra3 71.
Rxg5 Rxf3 72. Kd5 Rxh3 73. Ke4 Rh1 74. Rh5 h3 75. Kf4 h2 76. Kg5 Kg8 77. Rh3
Kf8 78. Kf6 Kg8 79. g5 Ra1 80. Rxh2 Ra6+ 81. Ke5 Ra5+ 82. Kf4 Ra4+ 83. Kg3 Ra3+
84. Kg4 Ra4+ 85. Kh5 Kg7 86. Re2 Ra7 87. Re7+ 1-0

[Event "2. Bundesliga Mitte 2016/2017"]
[Site "Leoben, Wolfsberg/Taufkirchen/Fuerstenfeld, Grieskirchen, St. Veit"]
[Date "2017.03.25"]
[Round "10"]
[Board "2"]
[White "Tratar, Marko"]
[Black "Karner, Christoph"]
[Result "1/2-1/2"]
[WhiteElo "2452"]
[BlackElo "2283"]
[PlyCount "68"]
[EventDate "2016.10.07"]
[EventType "team"]
[EventRounds "11"]
[EventCountry "AUT"]
[WhiteTeam "SC MPOE Maria Saal 2"]
[BlackTeam "ESV Austria Graz"]

1. Nf3 Nf6 2. c4 g6 3. Nc3 Bg7 4. e4 d6 5. d4 O-O 6. Be2 e5 7. d5 a5 8. Bg5 h6
9. Be3 Ng4 10. Bc1 f5 11. exf5 gxf5 12. g3 Na6 13. Nh4 Nc5 14. Bxg4 fxg4 15.
Be3 Bf6 16. Ng2 e4 17. O-O Bf5 18. Bxc5 dxc5 19. Ne3 Qd7 20. Nxf5 Qxf5 21. Qc2
Rae8 22. Rae1 Bxc3 23. Qxc3 b6 24. Re3 Qg6 25. Qc2 Re5 26. Rfe1 Rfe8 27. Kg2
Kg7 28. Qc3 Kf7 29. Kg1 Qf5 30. Qc2 Kg6 31. Qe2 h5 32. Qc2 R8e7 33. Qe2 Re8 34.
Qc2 R8e7 1/2-1/2

[Event "2. Bundesliga Mitte 2016/2017"]
[Site "Leoben, Wolfsberg/Taufkirchen/Fuerstenfeld, Grieskirchen, St. Veit"]
[Date "2017.03.25"]
[Round "10"]
[Board "3"]
[White "Kotz, Heinz Peter"]
[Black "Halvax, Georg"]
[Result "1/2-1/2"]
[WhiteElo "2267"]
[BlackElo "2429"]
[PlyCount "58"]
[EventDate "2016.10.07"]
[EventType "team"]
[EventRounds "11"]
[EventCountry "AUT"]
[WhiteTeam "ESV Austria Graz"]
[BlackTeam "SC MPOE Maria Saal 2"]

1. e4 d6 2. d4 Nf6 3. Nc3 e5 4. Nf3 Nbd7 5. Bc4 Be7 6. O-O Nb6 7. Be2 exd4 8.
Nxd4 O-O 9. a4 a5 10. f4 Nfd7 11. Nb3 f5 12. exf5 c5 13. g4 Nf6 14. Bf3 d5 15.
g5 Ne4 16. Nxe4 dxe4 17. Qxd8 Bxd8 18. Bxe4 Bxf5 19. Bxf5 Rxf5 20. Be3 Nc4 21.
Rae1 Nxe3 22. Rxe3 Bc7 23. Re4 Raf8 24. Kg2 b6 25. h4 Bxf4 26. Re6 Rd5 27. Re4
Rdf5 28. Re6 Rd5 29. Re4 Rdf5 1/2-1/2

[Event "2. Bundesliga Mitte 2016/2017"]
[Site "Leoben, Wolfsberg/Taufkirchen/Fuerstenfeld, Grieskirchen, St. Veit"]
[Date "2017.03.25"]
[Round "10"]
[Board "5"]
[White "Ebner, Hubert"]
[Black "Rieger, Robert"]
[Result "1/2-1/2"]
[WhiteElo "2247"]
[BlackElo "2320"]
[PlyCount "60"]
[EventDate "2016.10.07"]
[EventType "team"]
[EventRounds "11"]
[EventCountry "AUT"]
[WhiteTeam "ESV Austria Graz"]
[BlackTeam "SC MPOE Maria Saal 2"]

1. Nf3 Nf6 2. c4 e6 3. g3 b6 4. Bg2 Bb7 5. O-O Be7 6. Nc3 O-O 7. d4 Ne4 8. Nxe4
Bxe4 9. Bf4 d6 10. Qa4 f5 11. Rfd1 Bf6 12. Rac1 Qe7 13. Qb5 Nd7 14. Ne5 Nb8 15.
Bxe4 a6 16. Nc6 Qe8 17. Qb3 fxe4 18. Nxb8 Rxb8 19. Qc2 Qg6 20. Be3 Rf7 21. f3
exf3 22. Qxg6 hxg6 23. exf3 e5 24. Kg2 Re8 25. Kf2 Rfe7 26. Rc2 exd4 27. Bxd4
Kf7 28. Bxf6 gxf6 29. h4 a5 30. Rcd2 Re3 1/2-1/2

[Event "2. Bundesliga Mitte 2016/2017"]
[Site "Leoben, Wolfsberg/Taufkirchen/Fuerstenfeld, Grieskirchen, St. Veit"]
[Date "2017.03.25"]
[Round "10"]
[Board "6"]
[White "Ertl, Johann"]
[Black "Aschenbrenner, Robert"]
[Result "1/2-1/2"]
[WhiteElo "2299"]
[BlackElo "2201"]
[PlyCount "105"]
[EventDate "2016.10.07"]
[EventType "team"]
[EventRounds "11"]
[EventCountry "AUT"]
[WhiteTeam "SC MPOE Maria Saal 2"]
[BlackTeam "ESV Austria Graz"]

1. e4 c6 2. Nc3 d5 3. d4 dxe4 4. Nxe4 Bf5 5. Ng3 Bg6 6. N1e2 e6 7. Nf4 Qh4 8.
c3 Nd7 9. Qf3 Bd6 10. Ngh5 O-O-O 11. Be2 e5 12. dxe5 Nxe5 13. Qg3 Qe7 14. O-O
Nf6 15. Qh3+ Kb8 16. Be3 Bxh5 17. Nxh5 Nxh5 18. Qxh5 g6 19. Qh6 f6 20. Rad1 g5
21. Rd4 Nf7 22. Qh5 Bc5 23. Rxd8+ Nxd8 24. Bxc5 Qxc5 25. Rd1 Qe5 26. Bf1 Qe7
27. Bc4 b5 28. Bf1 Nf7 29. a4 a6 30. axb5 axb5 31. Qf3 Ne5 32. Qe3 Qc7 33. Be2
Kb7 34. Ra1 Ra8 35. Rxa8 Kxa8 36. Qc5 Kb7 37. Qf8 Qf7 38. Qxf7+ Nxf7 39. g3 Kc7
40. Bd3 h6 41. f4 Kd6 42. Kf2 gxf4 43. gxf4 Nd8 44. Kf3 Ne6 45. Bg6 Ng7 46. Ke4
Kc5 47. f5 b4 48. Bf7 bxc3 49. bxc3 Kd6 50. Bg6 Kc5 51. Bf7 Kd6 52. Bg6 Kc5 53.
Bf7 1/2-1/2

[Event "2. Bundesliga Mitte 2016/2017"]
[Site "Leoben, Wolfsberg/Taufkirchen/Fuerstenfeld, Grieskirchen, St. Veit"]
[Date "2017.03.25"]
[Round "10"]
[Board "3"]
[White "Genser, Harald"]
[Black "Frosch, Ronald"]
[Result "1/2-1/2"]
[WhiteElo "2304"]
[BlackElo "2273"]
[PlyCount "103"]
[EventDate "2016.10.07"]
[EventType "team"]
[EventRounds "11"]
[EventCountry "AUT"]
[WhiteTeam "SC DieKlagenfurter"]
[BlackTeam "RbEJ Gleisdorf"]

1. d4 Nf6 2. c4 c6 3. Nc3 d5 4. cxd5 cxd5 5. Bf4 Nc6 6. e3 a6 7. Be2 e6 8. a3
Be7 9. h3 O-O 10. Nf3 Bd7 11. O-O Rc8 12. Bd3 Be8 13. Rc1 h6 14. Qe2 Nh5 15.
Bh2 f5 16. g4 fxg4 17. hxg4 Nf6 18. Ne5 Nxe5 19. Bxe5 Nd7 20. Bh2 Bf6 21. Bd6
Rf7 22. Bg6 Rc6 23. Bxf7+ Bxf7 24. Bg3 e5 25. e4 dxe4 26. Nxe4 exd4 27. Rxc6
bxc6 28. Nd6 Bd5 29. Re1 Nc5 30. b4 Ne6 31. Qxa6 Qd7 32. Qa8+ Kh7 33. Qe8 Qxe8
34. Nxe8 Bg5 35. Nc7 Nxc7 36. Bxc7 Bf3 37. b5 cxb5 38. Re5 d3 39. Ba5 d2 40.
Bxd2 Bxd2 41. Rxb5 Bxg4 42. a4 Bf4 43. a5 Be2 44. Rb2 Bf3 45. a6 h5 46. a7 h4
47. Rb3 Bc6 48. Rb6 Bf3 49. Rb3 Bc6 50. Rc3 Bb7 51. Rb3 Bc6 52. Rb6 1/2-1/2

[Event "2. Bundesliga Mitte 2016/2017"]
[Site "Leoben, Wolfsberg/Taufkirchen/Fuerstenfeld, Grieskirchen, St. Veit"]
[Date "2017.03.25"]
[Round "10"]
[Board "6"]
[White "Ofner, Maximilian"]
[Black "Jakits, Leopold"]
[Result "1/2-1/2"]
[WhiteElo "2163"]
[BlackElo "2135"]
[PlyCount "144"]
[EventDate "2016.10.07"]
[EventType "team"]
[EventRounds "11"]
[EventCountry "AUT"]
[WhiteTeam "RbEJ Gleisdorf"]
[BlackTeam "SC DieKlagenfurter"]

1. e4 c5 2. Nf3 g6 3. c4 Nc6 4. d4 cxd4 5. Nxd4 Nf6 6. Nc3 d6 7. Be2 Nxd4 8.
Qxd4 Bg7 9. Be3 O-O 10. Qd2 a5 11. O-O a4 12. Rac1 Qa5 13. f3 Be6 14. Nd5 Qxd2
15. Nxe7+ Kh8 16. Bxd2 Rfe8 17. Nd5 Nxd5 18. cxd5 Bxd5 19. Bb5 Re5 20. Bc3 Bxa2
21. Bxe5 Bxe5 22. Rc2 Bb3 23. Rd2 Ra5 24. Bd3 Bf4 25. Re2 Rc5 26. g3 Be5 27. f4
Bd4+ 28. Kg2 b5 29. Rd2 b4 30. Bb1 Bf6 31. Rff2 Rc1 32. Bc2 Bxc2 33. Rxc2 Rxc2
34. Rxc2 a3 35. bxa3 bxa3 36. Rc8+ Kg7 37. Ra8 Bb2 38. Kf3 h5 39. Ke3 Kf6 40.
Ra6 Ke7 41. Kd3 f5 42. e5 dxe5 43. fxe5 h4 44. gxh4 Bxe5 45. Kc4 Bb2 46. Kd5
Kf7 47. Ra7+ Kf6 48. Ra6+ Kg7 49. h5 gxh5 50. h4 Kf7 51. Ra7+ Kf6 52. Ra6+ Kf7
53. Kc4 Bf6 54. Rxa3 Bxh4 55. Rh3 Bf6 56. Rxh5 Kg6 57. Rh1 f4 58. Kd3 Kf5 59.
Ke2 Ke4 60. Rb1 Bd4 61. Rb3 Be3 62. Rb8 f3+ 63. Kf1 f2 64. Ke2 Bc5 65. Rc8 Kd5
66. Rh8 Kc4 67. Rh4+ Kd5 68. Rf4 Ke5 69. Rf7 Ke6 70. Rf3 Ke5 71. Kd3 Bb6 72.
Rxf2 Bxf2 1/2-1/2

[Event "2. Bundesliga Mitte 2016/2017"]
[Site "Leoben, Wolfsberg/Taufkirchen/Fuerstenfeld, Grieskirchen, St. Veit"]
[Date "2017.03.26"]
[Round "11"]
[Board "1"]
[White "Branding, Volker"]
[Black "Huber, Martin Christian"]
[Result "1/2-1/2"]
[WhiteElo "2167"]
[BlackElo "2412"]
[PlyCount "103"]
[EventDate "2016.10.07"]
[EventType "team"]
[EventRounds "11"]
[EventCountry "AUT"]
[WhiteTeam "SV Gmunden"]
[BlackTeam "Schachfreunde Graz"]

1. e4 c5 2. Nc3 a6 3. g3 b5 4. Bg2 Bb7 5. d3 e6 6. Nge2 b4 7. Nb1 d5 8. O-O Be7
9. exd5 exd5 10. d4 c4 11. Re1 Nf6 12. Nd2 Nc6 13. Nf1 O-O 14. Ne3 Re8 15. Nf4
Bf8 16. c3 bxc3 17. bxc3 Na5 18. Rb1 Bc6 19. Qc2 Qd7 20. Bd2 g6 21. h4 Ba3 22.
Bh3 Qc7 23. Ng4 Nxg4 24. Bxg4 Nb7 25. h5 Kg7 26. Ng2 Bd6 27. Be3 Bd7 28. Qd1
Re4 29. Bf3 Bf5 30. g4 Rxe3 31. Nxe3 Bxb1 32. Qxb1 Rb8 33. Nxd5 Qd8 34. Qc1 Qh4
35. h6+ Qxh6 36. Qxh6+ Kxh6 37. Rb1 Na5 38. Rxb8 Bxb8 39. Ne3 Bf4 40. Bd5 f6
41. Kg2 Kg5 42. Kf3 h5 43. gxh5 gxh5 44. Nxc4 Nxc4 45. Bxc4 Bd2 46. Bxa6 Bxc3
47. Ke3 h4 48. a4 f5 49. Bb7 f4+ 50. Kd3 Be1 51. Ke2 Bc3 52. Kd3 1/2-1/2

[Event "2. Bundesliga Mitte 2016/2017"]
[Site "Leoben, Wolfsberg/Taufkirchen/Fuerstenfeld, Grieskirchen, St. Veit"]
[Date "2017.03.26"]
[Round "11"]
[Board "5"]
[White "Topf, Christian"]
[Black "Teuschler, Barbara"]
[Result "0-1"]
[WhiteElo "1992"]
[BlackElo "2212"]
[PlyCount "128"]
[EventDate "2016.10.07"]
[EventType "team"]
[EventRounds "11"]
[EventCountry "AUT"]
[WhiteTeam "SV Gmunden"]
[BlackTeam "Schachfreunde Graz"]

1. b3 d5 2. Bb2 Bg4 3. Nf3 Nd7 4. g3 Ngf6 5. Bg2 c6 6. d3 e6 7. O-O Bc5 8. Nbd2
O-O 9. c4 Re8 10. Rc1 Bb6 11. h3 Bh5 12. Rc2 e5 13. cxd5 cxd5 14. g4 Bg6 15.
Ne1 e4 16. dxe4 dxe4 17. e3 Ne5 18. Qe2 Nd3 19. Nc4 Bc7 20. Rd2 b5 21. Na3 Qd6
22. f4 exf3 23. Nxf3 a6 24. Nc2 Rad8 25. Rfd1 Be4 26. Bd4 Bxf3 27. Bxf3 Ne5 28.
Bg2 Qe7 29. Rf1 h6 30. Rf5 Ng6 31. Qf2 Be5 32. Bc6 Rf8 33. Bg2 Qc7 34. Bxe5
Nxe5 35. Nd4 Ned7 36. Rc2 Qd6 37. Rc6 Qa3 38. Qc2 Qe7 39. Rc3 Ne5 40. Qc1 Qd6
41. Rf1 Nd5 42. Nf5 Nxc3 43. Qxc3 Qe6 44. Nd4 Qc8 45. Qe1 Ng6 46. Bd5 Rde8 47.
Bg2 Qc5 48. Qg3 Qe5 49. Qxe5 Rxe5 50. e4 Nh4 51. Bh1 Rc8 52. Nf3 Nxf3+ 53. Bxf3
Rc2 54. Rf2 Rec5 55. Bd1 Rc1 56. Rd2 R1c3 57. h4 Kf8 58. Kg2 Ke7 59. Rd4 Kf6
60. Rd6+ Ke5 61. Rxa6 Kxe4 62. Ra7 Rc7 63. Ra5 Rd7 64. Be2 Rc2 0-1

[Event "2. Bundesliga Mitte 2016/2017"]
[Site "Leoben, Wolfsberg/Taufkirchen/Fuerstenfeld, Grieskirchen, St. Veit"]
[Date "2017.03.26"]
[Round "11"]
[Board "6"]
[White "Kastner, Walter"]
[Black "Holzleithner, Johannes"]
[Result "1/2-1/2"]
[WhiteElo "2178"]
[BlackElo "2006"]
[PlyCount "70"]
[EventDate "2016.10.07"]
[EventType "team"]
[EventRounds "11"]
[EventCountry "AUT"]
[WhiteTeam "Schachfreunde Graz"]
[BlackTeam "SV Gmunden"]

1. e4 e6 2. d4 d5 3. Nc3 Bb4 4. exd5 exd5 5. Bd3 Ne7 6. Qf3 Nbc6 7. Nge2 Be6 8.
a3 Bxc3+ 9. bxc3 Qd7 10. h3 Bf5 11. O-O Bxd3 12. cxd3 Qf5 13. Bf4 Ng6 14. g4
Qf6 15. Qxd5 O-O 16. Bg5 Nce7 17. Bxf6 Nxd5 18. Bg5 Rfe8 19. Ra2 h6 20. Bc1 Re7
21. c4 Rae8 22. Ng3 Ndf4 23. Be3 Nxh3+ 24. Kh2 Nhf4 25. Nf5 Rd7 26. Kg3 Nxd3
27. Rd2 Nc5 28. dxc5 Rxe3+ 29. Nxe3 Rxd2 30. Rb1 b6 31. Rb3 Ne5 32. f4 Rd3 33.
Rxd3 Nxd3 34. c6 Nc5 35. Kf3 Kf8 1/2-1/2

[Event "2. Bundesliga Mitte 2016/2017"]
[Site "Leoben, Wolfsberg/Taufkirchen/Fuerstenfeld, Grieskirchen, St. Veit"]
[Date "2017.03.26"]
[Round "11"]
[Board "2"]
[White "Tratar, Marko"]
[Black "Kilgus, Georg"]
[Result "1/2-1/2"]
[WhiteElo "2452"]
[BlackElo "2391"]
[PlyCount "68"]
[EventDate "2016.10.07"]
[EventType "team"]
[EventRounds "11"]
[EventCountry "AUT"]
[WhiteTeam "SC MPOE Maria Saal 2"]
[BlackTeam "Spg. Grieskirchen/Schallerbach"]

1. c4 Nf6 2. Nf3 b6 3. g3 c5 4. Bg2 Bb7 5. O-O g6 6. d3 Bg7 7. e4 O-O 8. Nc3
Nc6 9. h3 Ne8 10. Be3 Nd4 11. Rb1 e6 12. Ne2 e5 13. b4 d6 14. bxc5 dxc5 15.
Nexd4 cxd4 16. Bc1 Nc7 17. Ne1 f5 18. exf5 Bxg2 19. Nxg2 Rxf5 20. Nh4 Rf7 21.
Nf3 Ne6 22. Qe2 Qc7 23. Rb5 Nc5 24. Ng5 Rf6 25. Ne4 Nxe4 26. Qxe4 Re8 27. Kg2
Qc6 28. Qd5+ Qxd5+ 29. Rxd5 e4 30. Rxd4 exd3 31. Rxd3 Rc6 32. Rd7 Rxc4 33. Rxa7
Bd4 34. h4 Rc2 1/2-1/2

[Event "2. Bundesliga Mitte 2016/2017"]
[Site "Leoben, Wolfsberg/Taufkirchen/Fuerstenfeld, Grieskirchen, St. Veit"]
[Date "2017.03.26"]
[Round "11"]
[Board "3"]
[White "Webersberger, Johann"]
[Black "Halvax, Georg"]
[Result "1/2-1/2"]
[WhiteElo "2339"]
[BlackElo "2429"]
[PlyCount "78"]
[EventDate "2016.10.07"]
[EventType "team"]
[EventRounds "11"]
[EventCountry "AUT"]
[WhiteTeam "Spg. Grieskirchen/Schallerbach"]
[BlackTeam "SC MPOE Maria Saal 2"]

1. d4 d5 2. c4 e6 3. Nf3 Nf6 4. e3 a6 5. Nc3 c5 6. cxd5 exd5 7. Be2 Nc6 8. O-O
Bg4 9. Ne5 Bxe2 10. Qxe2 Bd6 11. Nxc6 bxc6 12. dxc5 Bxc5 13. b3 O-O 14. Bb2 Bd6
15. Rac1 c5 16. Rfd1 d4 17. exd4 cxd4 18. Ne4 Be5 19. Rc4 Re8 20. Bxd4 Bxh2+
21. Kxh2 Rxe4 22. Qf3 Ng4+ 23. Kg1 Qe8 24. Bc3 Rxc4 25. bxc4 h5 26. Qd5 Rc8 27.
c5 Qe2 28. Qd4 Nf6 29. a3 Qb5 30. Qe3 Qb3 31. Rd6 Qb1+ 32. Qe1 Qxe1+ 33. Bxe1
Rxc5 34. Rxa6 Rc1 35. Kf1 Nd5 36. Rd6 Rd1 37. Rc6 Nf4 38. g3 Ne6 39. Ke2 Ra1
 1/2-1/2

[Event "2. Bundesliga Mitte 2016/2017"]
[Site "Leoben, Wolfsberg/Taufkirchen/Fuerstenfeld, Grieskirchen, St. Veit"]
[Date "2017.03.26"]
[Round "11"]
[Board "4"]
[White "Tomazini, Zan"]
[Black "Schwabeneder, Florian"]
[Result "1/2-1/2"]
[WhiteElo "2389"]
[BlackElo "2362"]
[PlyCount "65"]
[EventDate "2016.10.07"]
[EventType "team"]
[EventRounds "11"]
[EventCountry "AUT"]
[WhiteTeam "SC MPOE Maria Saal 2"]
[BlackTeam "Spg. Grieskirchen/Schallerbach"]

1. e4 e5 2. Nf3 Nc6 3. d4 exd4 4. Nxd4 Bb4+ 5. c3 Bc5 6. Be3 Bb6 7. Nf5 g6 8.
Bxb6 axb6 9. Ne3 Nf6 10. f3 O-O 11. c4 d6 12. Nc3 Nh5 13. Qd2 Ne5 14. O-O-O Ng7
15. f4 Nd7 16. Bd3 Nc5 17. Bc2 Bd7 18. e5 Ne8 19. h4 Bc6 20. h5 Qe7 21. exd6
Qxd6 22. Qf2 Qe6 23. Rhe1 Ne4 24. Bxe4 Bxe4 25. hxg6 hxg6 26. f5 gxf5 27. Ned5
Qh6+ 28. Nf4 Nf6 29. Re3 Rfd8 30. Rde1 Kf8 31. Rh3 Qg5 32. Rg3 Qh6 33. Rh3
 1/2-1/2

[Event "2. Bundesliga Mitte 2016/2017"]
[Site "Leoben, Wolfsberg/Taufkirchen/Fuerstenfeld, Grieskirchen, St. Veit"]
[Date "2017.03.26"]
[Round "11"]
[Board "6"]
[White "Ertl, Johann"]
[Black "Lentrodt, Thomas"]
[Result "1/2-1/2"]
[WhiteElo "2299"]
[BlackElo "2232"]
[PlyCount "120"]
[EventDate "2016.10.07"]
[EventType "team"]
[EventRounds "11"]
[EventCountry "AUT"]
[WhiteTeam "SC MPOE Maria Saal 2"]
[BlackTeam "Spg. Grieskirchen/Schallerbach"]

1. e4 e6 2. d4 d5 3. Nd2 Nf6 4. e5 Nfd7 5. Bd3 c5 6. c3 Nc6 7. Ne2 cxd4 8. cxd4
Qb6 9. Nf3 f6 10. exf6 Nxf6 11. O-O Bd6 12. Bf4 Qc7 13. Bxd6 Qxd6 14. Re1 O-O
15. Ng3 Bd7 16. Rc1 Rac8 17. Bb1 Qf4 18. Rc2 Nb4 19. Qd2 Qxd2 20. Rxd2 Nc6 21.
Ne2 Nh5 22. Nc3 h6 23. Bc2 Rf6 24. Ba4 Nb8 25. Bd1 Nc6 26. Ne5 Be8 27. g3 Nd8
28. Bg4 Rc7 29. a3 g5 30. Bxh5 Bxh5 31. Nb5 Re7 32. Nxa7 Nf7 33. Nxf7 Kxf7 34.
Rc1 e5 35. dxe5 Rxe5 36. Nb5 Bf3 37. Nd4 Be4 38. f3 Bxf3 39. Nxf3 Rxf3 40. Rc7+
Re7 41. Rxe7+ Kxe7 42. Rxd5 Rb3 43. Rd2 Ke6 44. Kf2 Kf5 45. Ke2 Kg4 46. Kd1 b5
47. Kc2 Rf3 48. b3 Kh3 49. Kb2 g4 50. a4 bxa4 51. bxa4 h5 52. Re2 Rd3 53. Kb1
Ra3 54. Ra2 Rxa2 55. Kxa2 Kxh2 56. a5 h4 57. gxh4 g3 58. a6 g2 59. a7 g1=Q 60.
a8=Q Qf2+ 1/2-1/2

[Event "2. Bundesliga Mitte 2016/2017"]
[Site "Leoben, Wolfsberg/Taufkirchen/Fuerstenfeld, Grieskirchen, St. Veit"]
[Date "2017.03.26"]
[Round "11"]
[Board "2"]
[White "Felsberger, Alfred"]
[Black "Karner, Christoph"]
[Result "1-0"]
[WhiteElo "2339"]
[BlackElo "2283"]
[PlyCount "107"]
[EventDate "2016.10.07"]
[EventType "team"]
[EventRounds "11"]
[EventCountry "AUT"]
[WhiteTeam "Union Ansfelden"]
[BlackTeam "ESV Austria Graz"]

1. e4 c6 2. d4 d5 3. Nc3 dxe4 4. Nxe4 Bf5 5. Ng3 Bg6 6. Nf3 e6 7. h4 h6 8. Ne5
Bh7 9. Bc4 Nd7 10. Nxd7 Qxd7 11. O-O Nf6 12. Re1 O-O-O 13. c3 Bd6 14. Qf3 Kb8
15. Bxh6 Rdg8 16. Bg5 Ka8 17. Rad1 Bg6 18. Bd3 Bxd3 19. Rxd3 Nd5 20. c4 Nc7 21.
Ne4 f6 22. Bf4 Bb4 23. Nc5 Qe7 24. Re2 Rxh4 25. g3 Rhh8 26. Bxc7 Bxc5 27. dxc5
Qxc7 28. Rxe6 Re8 29. Rxe8+ Rxe8 30. b4 Qe5 31. Kg2 Qb2 32. Qe3 Rb8 33. Qd2 Qe5
34. Rd8 Rxd8 35. Qxd8+ Qb8 36. Qxb8+ Kxb8 37. Kf3 Kc7 38. Ke4 g6 39. g4 Kd7 40.
g5 Ke6 41. Kf4 Ke7 42. Kg4 Kf7 43. gxf6 Kxf6 44. f4 Kf7 45. Kg5 Kg7 46. f5 gxf5
47. Kxf5 Kf7 48. Ke5 Ke7 49. a3 Kd7 50. Kf6 b6 51. Kf7 Kc7 52. Ke7 Kc8 53. Kd6
Kb7 54. Kd7 1-0